000 00315nam a22001457a 4500
008 211013b ||||| |||| 00| 0 eng d
020 _a9780863776090
041 _aeng
080 _a159.9
082 _a159.9
100 _a48
101 _aPSI
245 _aChildhood Disorders
_cKendall,P.C
942 _2udc
_cBK
999 _c58195
_d58195